[Event "Mittelfranken EM 2022"]
[Site "Nuernberg"]
[Date "2022.04.16"]
[Round "5.4"]
[White "Erlbeck, Peter"]
[Black "Riexinger, Martin"]
[Result "0-1"]
[WhiteElo "2034"]
[BlackElo "1862"]
[PlyCount "60"]
[EventDate "2022.??.??"]
[WhiteTeam "SW Nuernberg Sued"]
[BlackTeam "SW Nuernberg Sued"]

1. e4 g6 2. d4 Bg7 3. Nc3 d6 4. f4 a6 5. Nf3 Nd7 6. Bc4 e6 7. O-O b5 8. Bd3 c5
9. f5 cxd4 10. fxe6 fxe6 11. Ng5 dxc3 12. Nxe6 Qb6+ 13. Kh1 Be5 14. b4 Ndf6 15.
Ng5 Bg4 16. Qe1 h6 17. Nf3 Bxf3 18. Rxf3 g5 19. a4 bxa4 20. Rxa4 Bd4 21. b5 a5
22. e5 dxe5 23. Bg6+ Kd8 24. Be4 Ra7 25. Bc6 Rhh7 26. Rd3 Kc8 27. Rc4 Rac7 28.
Ba3 Ne7 29. Rdxd4 Nxc6 30. bxc6 exd4 0-1

[Event "Mittelfranken EM 2022"]
[Site "Nuernberg"]
[Date "2022.04.16"]
[Round "5.5"]
[White "Hrebenshchykova, Yelyzaveta"]
[Black "Seibold, Hubert"]
[Result "1/2-1/2"]
[WhiteElo "1973"]
[BlackElo "2099"]
[PlyCount "73"]
[EventDate "2022.??.??"]
[WhiteTeam "SC NT Nuernberg"]
[BlackTeam "SK Zirndorf"]

1. e4 c5 2. Nf3 g6 3. d4 cxd4 4. Nxd4 Bg7 5. c4 Nc6 6. Be3 Nf6 7. Nc3 d6 8. Be2
O-O 9. O-O Bd7 10. h3 Nxd4 11. Bxd4 Bc6 12. Qc2 a5 13. Rad1 Nd7 14. Bxg7 Kxg7
15. Bg4 b6 16. Bxd7 Qxd7 17. f4 Qe6 18. Nd5 Bxd5 19. Rxd5 f5 20. Qc3+ Kg8 21.
exf5 Rxf5 22. Re1 Qf7 23. Rxf5 gxf5 24. b3 Rb8 25. Re3 h6 26. Rg3+ Kh7 27. Qd4
a4 28. bxa4 Rc8 29. Re3 Rxc4 30. Qxb6 Re4 31. Rxe4 fxe4 32. Qb7 Qxf4 33. Qxe7+
Kh8 34. Qe8+ Kh7 35. Qe7+ Kh8 36. Qe8+ Kh7 37. Qe7+ 1/2-1/2

[Event "Mittelfranken EM 2022"]
[Site "Nuernberg"]
[Date "2022.04.16"]
[Round "5.6"]
[White "Blumenthal, Benjamin"]
[Black "Willim, Michael"]
[Result "0-1"]
[WhiteElo "1753"]
[BlackElo "2106"]
[PlyCount "82"]
[EventDate "2022.??.??"]
[WhiteTeam "SC NT Nuernberg"]
[BlackTeam "SC Erlangen"]

1. c4 c5 2. Nc3 Nc6 3. d3 g6 4. e4 Bg7 5. Be3 d6 6. Qd2 a6 7. Be2 Rb8 8. Nf3
Nd4 9. Rb1 b5 10. O-O Qa5 11. Bxd4 cxd4 12. Nd5 Qxd2 13. Nxd2 e6 14. Nb4 bxc4
15. Nc6 Rb6 16. Na7 Bd7 17. Nxc4 Rb8 18. Na5 Ne7 19. Rfc1 Ra8 20. N7c6 Nxc6 21.
Nxc6 Rc8 22. Na5 Ke7 23. g3 f5 24. f3 Bh6 25. f4 Bb5 26. exf5 gxf5 27. Nb3 e5
28. Nxd4 exd4 29. Kf2 Rc5 30. Rxc5 dxc5 31. Ke1 Kd6 32. Kd2 Re8 33. Rc1 Bg7 34.
Bh5 Re3 35. Be2 Bf6 36. Rg1 Bd8 37. Bf1 Ba5+ 38. Kc2 Rf3 39. a3 Rf2+ 40. Kc1
Bd2+ 41. Kb1 Rxf1+ 0-1

[Event "Mittelfranken EM 2022"]
[Site "Nuernberg"]
[Date "2022.04.16"]
[Round "5.7"]
[White "Vennemann, Juergen"]
[Black "Zeltner, Ottmar"]
[Result "1-0"]
[WhiteElo "1897"]
[BlackElo "1983"]
[PlyCount "69"]
[EventDate "2022.??.??"]
[WhiteTeam "SC Hersbruck"]
[BlackTeam "SK Rothenburg"]

1. e4 e5 2. Nf3 Nc6 3. d3 Nf6 4. Nbd2 Bc5 5. Be2 O-O 6. O-O d6 7. c3 Ne7 8. b4
Bb6 9. Nc4 Ng6 10. a4 c6 11. Nxb6 Qxb6 12. Be3 Qc7 13. h3 a5 14. Qc2 d5 15.
Rfb1 axb4 16. cxb4 d4 17. Bc1 Bd7 18. a5 Rfc8 19. Nd2 Be6 20. Nc4 Nd7 21. Bg4
Bxg4 22. hxg4 Rd8 23. Ba3 Nf6 24. f3 h5 25. gxh5 Nxh5 26. Kf2 Qe7 27. Rh1 Qg5
28. g4 Nhf4 29. Bc1 Qe7 30. Bxf4 Nxf4 31. Rh2 Ng6 32. Rah1 f6 33. Nb6 Rab8 34.
Qc4+ Qf7 35. Rh8+ 1-0

[Event "Mittelfranken EM 2022"]
[Site "Nuernberg"]
[Date "2022.04.16"]
[Round "5.8"]
[White "Wenke, Oldrich"]
[Black "Rieber, Rene"]
[Result "1-0"]
[WhiteElo "2048"]
[BlackElo "1858"]
[PlyCount "23"]
[EventDate "2022.??.??"]
[WhiteTeam "SG Buechenbach/Roth"]
[BlackTeam "SC Ansbach"]

1. g4 d5 2. Bg2 Bxg4 3. c4 Be6 4. Qb3 Nc6 5. cxd5 Rb8 6. dxe6 fxe6 7. Bxc6+
bxc6 8. Qxe6 Rb6 9. Nf3 c5 10. Qc4 e6 11. Qa4+ Kf7 12. Ne5+ 1-0

[Event "Mittelfranken EM 2022"]
[Site "Nuernberg"]
[Date "2022.04.16"]
[Round "5.9"]
[White "Balhar, Michael"]
[Black "Mueller, Christian"]
[Result "1/2-1/2"]
[WhiteElo "1736"]
[BlackElo "1948"]
[PlyCount "32"]
[EventDate "2022.??.??"]
[WhiteTeam "SC Erlangen"]
[BlackTeam "SW Nuernberg Sued"]

1. e4 c5 2. Nf3 g6 3. c3 d5 4. exd5 Qxd5 5. d4 Nc6 6. Be3 Bg4 7. c4 Qh5 8. Be2
cxd4 9. Nxd4 Bxe2 10. Qxe2 Qxe2+ 11. Kxe2 Bg7 12. Rd1 Rd8 13. Nxc6 Rxd1 14.
Kxd1 bxc6 15. Kc2 a6 16. Nd2 Nf6 1/2-1/2

[Event "Mittelfranken EM 2022"]
[Site "Nuernberg"]
[Date "2022.04.16"]
[Round "5.10"]
[White "Albayrak, Aylin"]
[Black "Hahn, Thomas"]
[Result "1-0"]
[WhiteElo "1648"]
[BlackElo "1853"]
[PlyCount "85"]
[EventDate "2022.??.??"]
[WhiteTeam "SC NT Nuernberg"]
[BlackTeam "Zabo-Eintr Nuernberg"]

1. d4 f5 2. c4 g6 3. Nc3 Nf6 4. g3 Bg7 5. Bg2 O-O 6. Nf3 d6 7. O-O Qe8 8. b3 e5
9. dxe5 dxe5 10. Ba3 Rf7 11. Ng5 Rd7 12. Nd5 c6 13. Nxf6+ Bxf6 14. Qc1 e4 15.
Bb2 Qe7 16. Bxf6 Qxf6 17. h4 Na6 18. Qf4 Rg7 19. Nxe4 Qe7 20. Nc3 Be6 21. e4
fxe4 22. Nxe4 Rf8 23. Qe3 Bf5 24. Rfe1 Nb4 25. Qc3 Bxe4 26. Rxe4 Qc5 27. Re2
Rgf7 28. Rf1 Na6 29. Qe5 Qxe5 30. Rxe5 Nb4 31. a3 Nd3 32. Re2 Nc5 33. b4 Nd7
34. b5 Nb8 35. a4 Kg7 36. Re6 cxb5 37. axb5 b6 38. f4 Nd7 39. Rfe1 Nc5 40. Rd6
Rd7 41. Rxd7+ Nxd7 42. Bd5 Kf6 43. Ra1 1-0

[Event "Mittelfranken EM 2022"]
[Site "Nuernberg"]
[Date "2022.04.16"]
[Round "5.11"]
[White "Trossmann, Max"]
[Black "Schoene, Steffen"]
[Result "0-1"]
[WhiteElo "1390"]
[BlackElo "1844"]
[PlyCount "96"]
[EventDate "2022.??.??"]
[WhiteTeam "SC Ansbach"]
[BlackTeam "Zabo-Eintr Nuernberg"]

1. e4 d6 2. d4 Nf6 3. Nc3 g6 4. Bc4 Bg7 5. Qe2 c6 6. Bb3 b5 7. e5 Ng8 8. f4 d5
9. Nxb5 Ba6 10. a4 cxb5 11. axb5 Bb7 12. Nf3 Nh6 13. e6 Qb6 14. Ng5 f6 15. Nf3
Nf5 16. c3 Nd6 17. Ba4 O-O 18. h4 a6 19. Bc2 axb5 20. Rxa8 Bxa8 21. h5 Ne4 22.
Bxe4 dxe4 23. Nh4 Qxe6 24. hxg6 hxg6 25. Nxg6 f5 26. Qh5 Nd7 27. Qg5 Rf6 28.
Ne5 Nxe5 29. fxe5 Rg6 30. Qh5 e3 31. Bxe3 Kf7 32. Rf1 Be4 33. g4 Qa2 34. gxf5
Qb1+ 35. Ke2 Bd3+ 36. Kd2 Qxf1 37. fxg6+ Ke6 38. Bf2 Bh6+ 39. Be3 Bxe3+ 40.
Kxe3 Bf5 41. Qe2 Qxe2+ 42. Kxe2 Bxg6 43. b3 Kd5 44. Ke3 Bc2 45. c4+ bxc4 46.
bxc4+ Kxc4 47. Kd2 Bf5 48. Ke3 e6 0-1

[Event "Mittelfranken EM 2022"]
[Site "Nuernberg"]
[Date "2022.04.16"]
[Round "5.12"]
[White "Bruss, Robert"]
[Black "Friedrich, Michael"]
[Result "1-0"]
[WhiteElo "1825"]
[BlackElo "1684"]
[PlyCount "113"]
[EventDate "2022.??.??"]
[WhiteTeam "SG Fuerth"]
[BlackTeam "SC Erlangen"]

1. d4 d5 2. c4 e6 3. Nc3 c5 4. cxd5 exd5 5. Nf3 Nc6 6. e3 Nf6 7. Be2 Be6 8. O-O
Bd6 9. Nb5 Be7 10. dxc5 Bxc5 11. b3 a6 12. Nbd4 Rc8 13. Nxc6 Rxc6 14. Bb2 O-O
15. Nd4 Rc8 16. Qd3 Qd7 17. Bd1 Rfd8 18. Bc2 g6 19. Rac1 Rc7 20. f4 Qc8 21. Kh1
Ne4 22. f5 Bxf5 23. Nxf5 gxf5 24. Bb1 d4 25. exd4 Bxd4 26. Rxc7 Qxc7 27. Bxd4
Qd6 28. Rd1 Qf4 29. Qe2 Rxd4 30. Rxd4 Qc1+ 31. Rd1 Qxd1+ 32. Qxd1 Nf2+ 33. Kg1
Nxd1 34. Bxf5 a5 35. Bd7 Kf8 36. Kf1 Ke7 37. Bc8 b6 38. Ke1 Ne3 39. Kf2 Nd5 40.
Bf5 h6 41. Kf3 Kf6 42. Bd3 Nb4 43. Bb1 Kg5 44. Ke4 Kf6 45. a3 Na6 46. Kd5 Nc5
47. Bc2 Ke7 48. Kc6 Nd7 49. Bd1 f6 50. Bc2 Kd8 51. Bf5 Nc5 52. b4 Nb3 53. Kxb6
axb4 54. axb4 Nd4 55. Bg4 f5 56. Bf3 Nc2 57. b5 1-0

[Event "Mittelfranken EM 2022"]
[Site "Nuernberg"]
[Date "2022.04.16"]
[Round "5.13"]
[White "Weissmann, Peter"]
[Black "Ratushny, Viktor"]
[Result "1-0"]
[WhiteElo "1707"]
[BlackElo "1250"]
[PlyCount "39"]
[EventDate "2022.??.??"]
[WhiteTeam "SG Fuerth"]
[BlackTeam "SW Nuernberg Sued"]

1. e4 e5 2. d4 exd4 3. Bc4 Nf6 4. Nf3 d5 5. exd5 Bb4+ 6. Bd2 Nxd5 7. Bxd5 Bxd2+
8. Qxd2 Qxd5 9. Qxd4 Qe6+ 10. Qe5 O-O 11. O-O Qxe5 12. Nxe5 Re8 13. Nc4 Nc6 14.
Ne3 Be6 15. Nc3 a6 16. Rad1 Rad8 17. a3 g6 18. h3 Nd4 19. Ne4 Bxh3 20. Nf6+ 1-0

[Event "Mittelfranken EM 2022"]
[Site "Nuernberg"]
[Date "2022.04.16"]
[Round "5.14"]
[White "Schalaev, Seryozka"]
[Black "Schloetterer, Hermann"]
[Result "1-0"]
[WhiteElo "1599"]
[BlackElo "1858"]
[PlyCount "65"]
[EventDate "2022.??.??"]
[WhiteTeam "SC JAEKLECHEMIE"]
[BlackTeam "Zabo-Eintr Nuernberg"]

1. d4 c5 2. c3 b6 3. d5 Nf6 4. c4 e5 5. Nc3 d6 6. e4 Be7 7. f4 Nbd7 8. Nf3 Ng4
9. Be2 O-O 10. O-O a6 11. h3 Ngf6 12. fxe5 Nxe5 13. Nxe5 dxe5 14. Qd3 Ne8 15.
Qg3 Bd6 16. Bg4 Ra7 17. Be3 Rb7 18. a4 Bd7 19. Rf2 Qc8 20. Raf1 Bxg4 21. hxg4
f6 22. g5 Qd8 23. g6 h6 24. Rf5 Be7 25. Rh5 Nd6 26. Bxh6 gxh6 27. Rxh6 f5 28.
g7 Nf7 29. gxf8=Q+ Kxf8 30. Rxf5 Ke8 31. Qg8+ Bf8 32. Re6+ Re7 33. Qxf7+ 1-0

[Event "Mittelfranken EM 2022"]
[Site "Nuernberg"]
[Date "2022.04.16"]
[Round "5.15"]
[White "Albayrak, Atilla"]
[Black "Mankus, Siegfried"]
[Result "1-0"]
[WhiteElo "1673"]
[BlackElo "1536"]
[PlyCount "157"]
[EventDate "2022.??.??"]
[WhiteTeam "SC NT Nuernberg"]
[BlackTeam "Zabo-Eintr Nuernberg"]

1. e4 e6 2. d4 d5 3. Nd2 c5 4. exd5 Qxd5 5. Bc4 Qxg2 6. Ngf3 Qxh1+ 7. Bf1 Nf6
8. b3 cxd4 9. Qe2 Bd6 10. Bb2 Bxh2 11. O-O-O Bf4 12. Ba3 b6 13. Qb5+ Bd7 14.
Qb4 Nc6 15. Qc4 Bxd2+ 16. Nxd2 Qd5 17. Qa6 Qa5 18. Bd6 Qxa6 19. Bxa6 Bc8 20.
Be2 a6 21. Nc4 Nd5 22. Bf3 b5 23. Nb6 Bb7 24. Nxa8 Bxa8 25. Re1 Kd7 26. Bc5 Re8
27. Bg4 Nd8 28. Bxd4 f6 29. Kd2 Kc7 30. Bf3 Bc6 31. Rg1 Re7 32. Kc1 e5 33. Bc5
Rf7 34. Rd1 Nb7 35. Bxd5 Bxd5 36. Rxd5 Nxc5 37. Rxc5+ Kd6 38. Rc8 Ra7 39. Kd2
f5 40. Ke3 g6 41. Rd8+ Kc5 42. c3 Rc7 43. f3 Kb6 44. Kd2 Re7 45. Rd6+ Kb7 46.
Kd3 e4+ 47. fxe4 fxe4+ 48. Ke3 Rc7 49. Kd4 g5 50. Re6 Rd7+ 51. Kxe4 Rd2 52.
Re7+ Kc6 53. Rxh7 Rxa2 54. c4 bxc4 55. bxc4 a5 56. Rg7 Rg2 57. Kd4 g4 58. Rg6+
Kb7 59. Kc5 g3 60. Rg7+ Kc8 61. Kc6 Rd2 62. Rg8+ Rd8 63. Rxg3 Rd7 64. Rg8+ Rd8
65. Rg5 Rd7 66. Rxa5 Rc7+ 67. Kd5 Rd7+ 68. Ke6 Rc7 69. c5 Kb7 70. Rb5+ Kc8 71.
Ra5 Kb7 72. Kd6 Rc6+ 73. Kd5 Rc7 74. Rb5+ Kc8 75. Rb6 Rd7+ 76. Rd6 Rxd6+ 77.
Kxd6 Kd8 78. c6 Kc8 79. c7 1-0

[Event "Mittelfranken EM 2022"]
[Site "Nuernberg"]
[Date "2022.04.16"]
[Round "5.16"]
[White "Dyroff, Roland"]
[Black "Dajakaj, Kastriot"]
[Result "0-1"]
[WhiteElo "1802"]
[BlackElo "1656"]
[PlyCount "64"]
[EventDate "2022.??.??"]
[WhiteTeam "SW Nuernberg Sued"]
[BlackTeam "SG Buechenbach/Roth"]

1. e4 e5 2. Nf3 Nc6 3. Bb5 a6 4. Bxc6 dxc6 5. h3 Bc5 6. O-O Qe7 7. b3 Nf6 8.
Bb2 Nd7 9. d3 f6 10. Nbd2 Nf8 11. d4 exd4 12. Nxd4 Bxd4 13. Bxd4 Bd7 14. Re1
O-O-O 15. Bb2 Ng6 16. Qe2 Kb8 17. a4 Qc5 18. Nc4 Qg5 19. Bc1 Qc5 20. Be3 Qe7
21. f3 Ne5 22. Nb2 g5 23. a5 h5 24. Na4 g4 25. Bf2 gxh3 26. Qe3 c5 27. Nxc5 Nc6
28. g3 Bc8 29. c4 f5 30. exf5 Qxe3 31. Bxe3 Bxf5 32. Bf4 Nd4 0-1

[Event "Mittelfranken EM 2022"]
[Site "Nuernberg"]
[Date "2022.04.16"]
[Round "5.17"]
[White "Mishra, Sanyukt"]
[Black "Suess, Helmut"]
[Result "1-0"]
[WhiteElo "1539"]
[BlackElo "1815"]
[PlyCount "105"]
[EventDate "2022.??.??"]
[WhiteTeam "SC NT Nuernberg"]
[BlackTeam "SC NT Nuernberg"]

1. e4 g6 2. d4 Bg7 3. f4 d6 4. Nc3 c5 5. dxc5 Bxc3+ 6. bxc3 Qa5 7. Bb2 Qxc5 8.
Qd2 Nf6 9. Bd3 Nc6 10. Nf3 Bd7 11. Nd4 a6 12. h3 O-O-O 13. Qe2 Nh5 14. Qf2 Nxf4
15. Qxf4 e5 16. Qxf7 exd4 17. cxd4 Qb4+ 18. Ke2 Qxb2 19. d5 Ne5 20. Qe7 Nxd3
21. Kxd3 Qe5 22. Qxe5 dxe5 23. Rab1 b5 24. c4 bxc4+ 25. Kxc4 Rhf8 26. Kd3 Rf2
27. Rhc1+ Bc6 28. Rxc6+ Kd7 29. Rb7+ Ke8 30. Rcc7 Rxa2 31. Re7+ Kf8 32. Rf7+
Kg8 33. Rg7+ Kh8 34. Rxh7+ Kg8 35. Rbg7+ Kf8 36. Rxg6 Ra3+ 37. Ke2 Ra2+ 38. Kf3
a5 39. Ra7 Rb8 40. g3 Rb3+ 41. Kg4 Raa3 42. Kf5 Rxg3 43. Rb6 Rgb3 44. Rxb3 Rxb3
45. Kxe5 Rxh3 46. Rxa5 Ke8 47. Ra6 Rh5+ 48. Kd4 Kd7 49. e5 Rh1 50. Ra7+ Kd8 51.
Kc5 Kc8 52. e6 Rh6 53. e7 1-0

[Event "Mittelfranken EM 2022"]
[Site "Nuernberg"]
[Date "2022.04.16"]
[Round "5.18"]
[White "Oeztuerk, Dilara"]
[Black "Wettermann, Bernd"]
[Result "1/2-1/2"]
[WhiteElo "794"]
[BlackElo "1781"]
[PlyCount "31"]
[EventDate "2022.??.??"]
[WhiteTeam "Zabo-Eintr Nuernberg"]
[BlackTeam "Zabo-Eintr Nuernberg"]

1. e4 e5 2. Nf3 Nc6 3. Bc4 Nf6 4. Ng5 d5 5. exd5 b5 6. Bf1 Nxd5 7. d4 Be7 8.
Nf3 O-O 9. dxe5 a6 10. c4 bxc4 11. Bxc4 Be6 12. O-O Na5 13. Bxd5 Bxd5 14. Nc3
Bb7 15. Qxd8 Rfxd8 16. Bf4 1/2-1/2

[Event "Mittelfranken EM 2022"]
[Site "Nuernberg"]
[Date "2022.04.16"]
[Round "5.19"]
[White "Frenz, Joachim"]
[Black "Cordts, Elof"]
[Result "0-1"]
[WhiteElo "1550"]
[BlackElo "1681"]
[Annotator "maria&dimi"]
[PlyCount "146"]
[EventDate "2022.??.??"]
[WhiteTeam "SC Stein"]
[BlackTeam "SC Erlangen"]

{[%evp 0,120,14,25,23,-16,-14,-6,-6,-38,-14,-50,7,-1,-26,-21,-16,-12,-17,-28,
-37,-7,-3,-20,2,-19,24,-84,-77,-86,-69,-82,-53,-68,-50,-41,-48,-66,20,30,59,3,
36,2,21,-35,6,-23,-23,-11,-34,-40,-39,-25,15,12,7,16,26,0,135,36,165,151,215,
184,228,205,237,94,160,91,175,175,175,175,175,94,175,175,175,-175,-175,-188,
-191,-224,-212,-588,-183,-226,-226,-226,-227,-230,-222,-229,-230,-239,-230,
-301,-314,-340,-402,-463,-428,-505,-534,-534,-661,-691,-543,-791,-543,-927,
-946,-1019,-1029,-1434,-1396,-1434,-1434,-29967,-29968]} 1. d4 d5 2. c4 Nf6 3.
Nc3 e6 4. cxd5 exd5 5. g3 c6 6. Bg2 Bd6 7. Nf3 O-O 8. O-O Re8 9. Bg5 h6 10.
Bxf6 Qxf6 11. Re1 Bf5 12. Qb3 b6 13. a4 Nd7 14. a5 b5 15. e3 a6 16. Nd2 Be6 17.
Qd1 Rac8 18. Nb3 b4 19. Na4 c5 20. dxc5 Nxc5 21. Nbxc5 Bxc5 22. Nxc5 Rxc5 23.
Qd2 b3 24. Rec1 Rec8 25. Rxc5 Rxc5 26. Rc1 Qe7 27. Bf1 Qc7 28. Rxc5 Qxc5 29.
Bd3 Kf8 30. Kg2 g6 31. Bxa6 Ke7 32. Bb7 Kd7 33. a6 Kc7 34. Kf3 Kb8 35. Qd4 Qc2
36. Qh8+ Ka7 37. Qd4+ Kb8 38. Qb4 Ka7 39. Qd4+ Kb8 40. Bxd5 Qf5+ 41. Ke2 Qxd5
42. Qb6+ Ka8 43. a7 Qb7 44. Qxb7+ Kxb7 45. Kd3 Kxa7 46. Kd4 Kb7 47. Ke5 Kc6 48.
f4 Kd7 49. e4 Ke7 50. f5 f6+ 51. Kf4 g5+ 52. Kg4 Bf7 53. Kf3 Kd6 54. Ke3 Ke5
55. Kd3 Bh5 56. Ke3 Bd1 57. h3 Bc2 58. g4 Bxe4 59. Kf2 Kf4 60. Kg1 Kg3 61. h4
gxh4 62. g5 hxg5 63. Kf1 h3 64. Ke2 h2 65. Kd2 h1=Q 66. Kc3 Qf3+ 67. Kb4 Kf4
68. Ka3 g4 69. Kb4 g3 70. Ka3 g2 71. Kb4 g1=Q 72. Ka3 Qa7+ 73. Kb4 Qb6+ 0-1

[Event "Mittelfranken EM 2022"]
[Site "Nuernberg"]
[Date "2022.04.17"]
[Round "6.1"]
[White "Yelisieiev, Yevhenii"]
[Black "Wagner, Florian"]
[Result "0-1"]
[WhiteElo "2408"]
[BlackElo "2208"]
[PlyCount "108"]
[EventDate "2022.??.??"]
[WhiteTeam "SC NT Nuernberg"]
[BlackTeam "SC NT Nuernberg"]

1. d4 d5 2. c4 c6 3. Nf3 Nf6 4. Nc3 e6 5. g3 dxc4 6. Bg2 b5 7. Ne5 Nd5 8. a4 f6
9. Ng4 h5 10. Ne3 b4 11. Ne4 Ba6 12. O-O Nd7 13. Qc2 b3 14. Qb1 f5 15. Ng5 Qf6
16. Nd1 Nb4 17. Nc3 e5 18. dxe5 Nxe5 19. Bf4 Nf7 20. Qc1 Bc5 21. Nb5 cxb5 22.
axb5 Bxb5 23. Bxa8 O-O 24. Bf3 Bd4 25. Rb1 a5 26. Rd1 Nxg5 27. Bxg5 Qb6 28. e3
Be5 29. Qd2 Nd3 30. Qe2 g6 31. Bd5+ Kg7 32. Bxc4 Bxc4 33. Rxd3 Qb5 34. Rbd1
Bxd3 35. Rxd3 a4 36. Qd2 Qc4 37. Rd5 Bf6 38. Rd7+ Rf7 39. Bxf6+ Kxf6 40. Qd6+
Kg7 41. Qe5+ Kh7 42. Rd8 Qc1+ 43. Kg2 Qc6+ 44. Kh3 Rg7 45. Qb8 g5 46. Rh8+ Kg6
47. Qe5 Qd7 48. Kg2 Qc6+ 49. Kh3 h4 50. f4 g4+ 51. Kxh4 Qd7 52. Rh5 Qd8+ 53.
Rg5+ Qxg5+ 54. fxg5 Rh7# 0-1

[Event "Mittelfranken EM 2022"]
[Site "Nuernberg"]
[Date "2022.04.17"]
[Round "6.2"]
[White "Kocak, Ediz"]
[Black "Redzepovic, Irfan"]
[Result "1/2-1/2"]
[WhiteElo "2053"]
[BlackElo "2079"]
[PlyCount "63"]
[EventDate "2022.??.??"]
[WhiteTeam "SG Fuerth"]
[BlackTeam "SW Nuernberg Sued"]

1. d4 d5 2. Bf4 Nf6 3. Nf3 e6 4. e3 c5 5. Nbd2 Nc6 6. c3 Bd6 7. Bg3 O-O 8. Bd3
b6 9. e4 dxe4 10. Nxe4 Be7 11. dxc5 bxc5 12. Qe2 Bb7 13. Rd1 Qb6 14. Nfd2 Nd5
15. Nc4 Qd8 16. h4 f5 17. Ng5 Rf6 18. Kf1 Qd7 19. Ne5 Qe8 20. Nef3 Bf8 21. Re1
Bc8 22. Bc4 Bd7 23. Bxd5 exd5 24. Qd1 Ne7 25. Rxe7 Bxe7 26. Qxd5+ Kh8 27. Ne5
Bc6 28. Nef7+ Rxf7 29. Nxf7+ Kg8 30. Nh6+ Kh8 31. Nf7+ Kg8 32. Nh6+ 1/2-1/2

[Event "Mittelfranken EM 2022"]
[Site "Nuernberg"]
[Date "2022.04.17"]
[Round "6.3"]
[White "Riexinger, Martin"]
[Black "Hrebenshchykova, Yelyzaveta"]
[Result "1/2-1/2"]
[WhiteElo "1862"]
[BlackElo "1973"]
[PlyCount "48"]
[EventDate "2022.??.??"]
[WhiteTeam "SW Nuernberg Sued"]
[BlackTeam "SC NT Nuernberg"]

1. f4 Nf6 2. Nf3 g6 3. d3 d5 4. g3 Bg7 5. Bg2 c5 6. O-O O-O 7. Qe1 d4 8. e4
dxe3 9. Bxe3 Nd5 10. c3 Nxe3 11. Qxe3 Nc6 12. Qxc5 Qxd3 13. Na3 Be6 14. Ng5 Bg4
15. Bxc6 bxc6 16. Qxc6 Rab8 17. Rf2 h6 18. Qe4 Qa6 19. Nf3 Bxc3 20. bxc3 Qxa3
21. Raf1 Qxc3 22. Qxe7 Bxf3 23. Rxf3 Qd4+ 24. Qe3 Rfd8 1/2-1/2

[Event "Mittelfranken EM 2022"]
[Site "Nuernberg"]
[Date "2022.04.17"]
[Round "6.4"]
[White "Ammon, Tobias"]
[Black "Willim, Michael"]
[Result "1/2-1/2"]
[WhiteElo "2196"]
[BlackElo "2106"]
[PlyCount "101"]
[EventDate "2022.??.??"]
[WhiteTeam "SV Altensittenbach"]
[BlackTeam "SC Erlangen"]

1. e4 c5 2. Nf3 d6 3. Bb5+ Bd7 4. Bxd7+ Nxd7 5. O-O Ngf6 6. Qe2 e6 7. b3 Be7 8.
Bb2 O-O 9. c4 a6 10. d4 cxd4 11. Nxd4 Qb6 12. Nc2 Rfe8 13. Nc3 Rac8 14. Kh1 Qa5
15. f4 e5 16. Qf3 b5 17. Ne3 exf4 18. Qxf4 Ne5 19. Ncd5 Nd3 20. Qf5 Qd8 21.
Bxf6 Bxf6 22. Nxf6+ Qxf6 23. Qxf6 gxf6 24. Nd5 Kg7 25. cxb5 axb5 26. Rad1 Nc5
27. Nxf6 Re6 28. Nh5+ Kf8 29. Ng3 Nxe4 30. Nxe4 Rxe4 31. Rxd6 Rc2 32. Rdf6 Re7
33. R6f5 Rxa2 34. Rxb5 Ree2 35. Rg5 Reb2 36. Rg3 Ra3 37. Rh3 Kg8 38. Rg3+ Kf8
39. Rgf3 Raxb3 40. Rxf7+ Kg8 41. Ra7 Rb1 42. Kg1 Rxf1+ 43. Kxf1 Rb2 44. Kg1 Rc2
45. h3 Rb2 46. Kh2 Rb3 47. h4 Rc3 48. g3 Rb3 49. Kh3 Rc3 50. h5 h6 51. Kg4
1/2-1/2

[Event "Mittelfranken EM 2022"]
[Site "Nuernberg"]
[Date "2022.04.17"]
[Round "6.5"]
[White "Vennemann, Juergen"]
[Black "Erlbeck, Peter"]
[Result "1/2-1/2"]
[WhiteElo "1897"]
[BlackElo "2034"]
[PlyCount "91"]
[EventDate "2022.??.??"]
[WhiteTeam "SC Hersbruck"]
[BlackTeam "SW Nuernberg Sued"]

1. e4 c5 2. Nf3 Nc6 3. d3 g6 4. Nbd2 Bg7 5. c3 Nf6 6. Be2 O-O 7. O-O d6 8. Re1
Rb8 9. a4 a6 10. Bf1 b5 11. axb5 axb5 12. h3 e5 13. d4 Qb6 14. d5 Ne7 15. b4 c4
16. Qc2 Bd7 17. Nb1 Ra8 18. Be3 Qb7 19. Nbd2 Rfc8 20. Reb1 Nh5 21. Ra5 Rxa5 22.
bxa5 Qa6 23. Bb6 Ra8 24. Rb4 Nc8 25. Nxc4 Qb7 26. Be3 Qc7 27. Nb6 Rxa5 28. Nxd7
Qxd7 29. Qb2 Na7 30. Bxa7 Qxa7 31. Rxb5 Rxb5 32. Qxb5 Nf6 33. Qd3 Qa4 34. c4
Nd7 35. h4 Qa2 36. h5 Nc5 37. Qe3 Qb1 38. h6 Bf8 39. Nd2 Qd1 40. f3 f6 41. Kf2
g5 42. Be2 Qc2 43. Nf1 Bxh6 44. Ng3 Nb3 45. Nf5 Bf8 46. Qd3 1/2-1/2

[Event "Mittelfranken EM 2022"]
[Site "Nuernberg"]
[Date "2022.04.17"]
[Round "6.6"]
[White "Seibold, Hubert"]
[Black "Albayrak, Aylin"]
[Result "1-0"]
[WhiteElo "2099"]
[BlackElo "1648"]
[PlyCount "79"]
[EventDate "2022.??.??"]
[WhiteTeam "SK Zirndorf"]
[BlackTeam "SC NT Nuernberg"]

1. c4 Nf6 2. g3 g6 3. Bg2 Bg7 4. Nf3 O-O 5. O-O c5 6. d4 cxd4 7. Nxd4 Nc6 8.
Nc3 Qb6 9. Nb3 d6 10. h3 Be6 11. Nd5 Bxd5 12. cxd5 Ne5 13. Be3 Qa6 14. Bd4 Rac8
15. Rc1 Rfd8 16. a3 Nc4 17. Nd2 b5 18. Nxc4 Rxc4 19. Rxc4 bxc4 20. Qd2 Nd7 21.
Bxg7 Kxg7 22. Rc1 Kg8 23. Qe3 Re8 24. Qd4 Nb6 25. h4 c3 26. Rxc3 Qxe2 27. Rc7
Qe1+ 28. Kh2 Qa5 29. Bf3 Nc8 30. Rc3 Qb6 31. Qd2 Kg7 32. b4 a5 33. Rc6 Qb5 34.
Qc3+ f6 35. Rxc8 Rxc8 36. Qxc8 axb4 37. axb4 Qxb4 38. Qe6 Qd4 39. Qxe7+ Kh6 40.
Qf8# 1-0

[Event "Mittelfranken EM 2022"]
[Site "Nuernberg"]
[Date "2022.04.17"]
[Round "6.7"]
[White "Albert, Markus"]
[Black "Wenke, Oldrich"]
[Result "1-0"]
[WhiteElo "2007"]
[BlackElo "2048"]
[PlyCount "83"]
[EventDate "2022.??.??"]
[WhiteTeam "SC Ansbach"]
[BlackTeam "SG Buechenbach/Roth"]

1. Nc3 b6 2. f4 Bb7 3. Nf3 Nf6 4. g3 e6 5. Bg2 Be7 6. O-O c5 7. e3 O-O 8. b3
Nc6 9. Bb2 Rc8 10. Ne5 Qc7 11. d3 d6 12. Nb5 Qb8 13. Ng4 Ne8 14. f5 e5 15. Nc3
Nb4 16. a3 Bxg2 17. Kxg2 Qb7+ 18. e4 Nc6 19. Nd5 f6 20. h4 Nc7 21. Nge3 Nxd5
22. Nxd5 Bd8 23. Kh2 Qf7 24. Qe2 Ne7 25. Ne3 d5 26. Qf3 d4 27. Nc4 Bc7 28. Rf2
Nc6 29. Rg1 b5 30. Nd2 Ba5 31. Bc1 Bxd2 32. Bxd2 c4 33. bxc4 bxc4 34. g4 Qe7
35. g5 cxd3 36. cxd3 fxg5 37. Bxg5 Qf7 38. Bh6 g6 39. h5 Rfe8 40. hxg6 hxg6 41.
Rxg6+ Kh8 42. Qh5 1-0

[Event "Mittelfranken EM 2022"]
[Site "Nuernberg"]
[Date "2022.04.17"]
[Round "6.8"]
[White "Schoene, Steffen"]
[Black "Bruss, Robert"]
[Result "0-1"]
[WhiteElo "1844"]
[BlackElo "1825"]
[PlyCount "94"]
[EventDate "2022.??.??"]
[WhiteTeam "Zabo-Eintr Nuernberg"]
[BlackTeam "SG Fuerth"]

1. d4 Nf6 2. f3 d5 3. e4 dxe4 4. Nc3 Bf5 5. fxe4 Nxe4 6. Qf3 Nd6 7. Bf4 Bxc2 8.
Rc1 Bg6 9. Bxd6 exd6 10. Qxb7 Nd7 11. Bb5 Be7 12. Nd5 O-O 13. Qxc7 Bg5 14. Rc3
Nb6 15. Qxd8 Bxd8 16. Nf4 Bb1 17. a4 Rb8 18. Kd1 Be4 19. Nf3 a6 20. Bxa6 Nxa4
21. Re3 Rxb2 22. Nd2 Ba5 23. Nxe4 Rb1+ 24. Ke2 Rxh1 25. Ra3 Re1+ 26. Kf3 Ra8
27. Bb7 Ra7 28. Rxa4 Rf1+ 29. Kg4 f5+ 30. Kxf5 Rxb7 31. Rxa5 Rf7+ 32. Ke6 R1xf4
33. Nxd6 R4f6+ 34. Ke5 Re7+ 35. Kd5 Re2 36. Ra8+ Rf8 37. Rxf8+ Kxf8 38. Kc6
Rxg2 39. d5 Ke7 40. Nf5+ Kd8 41. d6 g6 42. Nd4 Rd2 43. Ne6+ Ke8 44. Nc5 Rxh2
45. Kc7 Rd2 46. d7+ Ke7 47. Kc6 Rc2 0-1